| 000 | 00494nam a2200157 a 4500 | ||
|---|---|---|---|
| 001 | 000032451 | ||
| 005 | 20200930065639.0 | ||
| 008 | 110718s1953 dr 000 0 spa d | ||
| 040 |
_aDO-SdBNP _bspa _cBNPHU |
||
| 082 |
_axxxx _bL951p |
||
| 100 | 1 |
_aLugo Lovato, Ramón _958408 |
|
| 245 | 1 | 0 |
_aPeriódicos dominicanos en el Archivo General de la Nación / _cRamón Lugo Lovato. |
| 260 |
_aCiudad Trujillo, República Dominicana : _bMontalvo, _c1953. |
||
| 300 |
_a49 p. ; _c23 cm. |
||
| 049 | _aBNPD | ||
| 999 |
_c31942 _d31942 |
||